02451nam a2200349 i 4500001001000000003000900010005001700019007000300036008004100039020001800080040003000098041001300128082002500141245022400166264007500390300005500465336002800520337003500548338003000583500007300613504003800686505036400724505060301088600003601691600005601727600006401783650005301847651006701900700006501967700003302032700003602065000020741DO-SdBNP20250909132531.0ta100813s2015 dr ac r 000 0 spa d a9789993431497 aDO-SdBNPbspacBNPHUerda17aspaheng 4a923.27293bD812j22200aJuan Pablo Duarte :bthe humanist : el humanista /ca bilingual selection of his writings = selección bilingue de sus escritos ; editores compiladoras, Rhina P. Espaillat, Sarah Aponte ; prólogo, Ramona Hernández. 1aSanto Domingo :bBiblioteca Nacional Pedro Henríquez Ureña,c2015. a193 páginas :bilustraciones, retratos ;c26 cm. 2rdacontent atextobtxt 2rdamedia asin mediación bn 2rdacarrieravolumen bnc aIncluye referencias bibliográficas y notas al pie de las páginas aBibliografía: páginas 176-185 aIntroducción a Duarte, su era y su sitio: un ejercicio para la imaginación --tBiografía de Juan Pablo Duarte y Díez --tDocumentos selectos--tSelección de poemas por Juan Pablo Duarte --tEnsayo final : Duarte en las Américas --tMaterial curricular --tcontribuidores --tJuan Pablo Duarte : bibliografía selecta --tSelección de imágenes a"Al igual que sus cartas, proclamas, poemas y otros textos trascendentes que escribió, incluida la Constitución inconclusa que tituló Ley Fundacional, esta obra sitúa a Juan Pablo Duarte, el Padre de la Nación Dominicana, en sus dimensiones auténticas, funcionando como una especie de Biografía apasionante: alimentado por las ideas más avanzadas de su tiempo luego de sus estudios en Estados Unidos y Europa durante su adolescencia, este hombre extraordinario fundó La Trinitaria con el fin de lograr su objetivo de la independencia dominicana de la ocupación haitiana en 1844.14aDuarte, Juan Pablo d1813-1876 10aDuarte, Juan Pablo, d1813-1876vCorrespondencias10aDuarte, Juan Pablo, d1813-1876xPoesíavBibliografía 4aEstadistaszRepública DominicanavBiografías 4aRepública Dominicana xHistoriay1844-1930vBibliografías 1 aEspaillat, Rhina P.,q(Rhina Polonia), d1932- ecompiladora12aAponte, Sarah,ecompiladora 12aHernández, Ramona,eprólogo